000 00961nam a22002777a 4500
003 dpl
005 20180625133219.0
008 180625b xxu||||| |||| 00| 0 eng d
010 _aA-734174
020 _c00.00
_a8120716256
035 _aA-734174, A-734178
037 _bCen Lib/Ret
040 _aDPL
_bEN
_c0
082 _a659.2
_bJET
100 _aJethwaney, Jaishri N.
_932535
245 _aPublic relations management :
_cby Jaishri N.Jethwaney,Adarsh Kumar Varma [and] Narendra Nath Sarkar
_bconcepts,strategies & tools /
260 _bSterling Publishers
_c1994
_aNew Delhi
270 _aL-10 Green Park Extension
_bNew Delhi
_e110016
300 _aviii,215p. :
_c20cm(Hb)
_bill.
500 _aIncludes index
650 _aPublic relations
_9736
650 _aTools and methods of public relations
_932536
700 _aVarma, Adarsh Kumar
_932537
700 _aSarkar, Narendra Nath
_932538
942 _2ddc
_cEN
_h659.2
_mJET
999 _c131707
_d131707